| 000 | 00651nam a2200205 4500 | ||
|---|---|---|---|
| 001 | 126174 | ||
| 003 | ES-MaACL | ||
| 005 | 20230906192753.0 | ||
| 007 | t| | ||
| 008 | 070214s1978 cl r ||||1| spa d | ||
| 100 | 1 |
_aReale, Miguel. _995688 |
|
| 245 | 1 | 0 |
_aTeoría tridimensional del Derecho / _cMiguel Reale ; traducción de Juan Antonio Sardina-Páramo. |
| 260 |
_aValparaíso (Chile) : _bEdeval, _c1978. |
||
| 300 |
_a158 p., 1 lám. ; _c19 cm. |
||
| 490 | 1 | _aJuristas perennes | |
| 700 | 1 |
_aSardina Páramo, Juan Antonio. _9103795 |
|
| 830 | 0 |
_aJuristas perennes _9179517 |
|
| 852 |
_aES-MaACL _jA-9166 _bR.98472 |
||
| 999 |
_c126174 _d126174 |
||